[Event "28th Cappelle Open"]
[Site "Cappelle la Grande FRA"]
[Date "2012.03.04"]
[Round "2.30"]
[White "Hoolt, Sarah"]
[Black "Kharitonov, Alexandr"]
[Result "1/2-1/2"]
[WhiteTitle "WIM"]
[BlackTitle "GM"]
[WhiteElo "2261"]
[BlackElo "2542"]
[WhiteFideId "24606812"]
[BlackFideId "4135202"]
[EventDate "2012.03.03"]

1. e4 c6 2. d4 d5 3. f3 e6 4. Nc3 Bb4 5. Bf4 Nf6 6. Qd3 b6 7. Ne2 Ba6 8. Qe3 c5
9. O-O-O O-O 10. Bg5 Bxe2 11. Nxe2 h6 12. Bh4 Ng4 13. fxg4 Qxh4 14. exd5 exd5
15. c3 cxd4 16. Nxd4 Bc5 17. Qf4 Bxd4 18. Rxd4 Nd7 19. g3 Qe7 20. Bg2 Rad8 21.
h4 Rfe8 22. g5 Nc5 23. Bxd5 Ne6 24. Bxe6 Qxe6 25. gxh6 Rxd4 26. Qxd4 Qxh6+ 27.
Qd2 Qe6 28. b3 Qe3 29. Qxe3 Rxe3 30. Rg1 Rxc3+ 31. Kd2 Rf3 32. Ke2 Rc3 33. Kd2
Rf3 34. Ke2 Rc3 1/2-1/2

[Event "28th Cappelle Open"]
[Site "Cappelle la Grande FRA"]
[Date "2012.03.04"]
[Round "2.31"]
[White "Apicella, Manuel"]
[Black "Doluhanova, Evgeniya"]
[Result "1-0"]
[WhiteTitle "GM"]
[BlackTitle "WGM"]
[WhiteElo "2541"]
[BlackElo "2269"]
[WhiteFideId "600164"]
[BlackFideId "14112035"]
[EventDate "2012.03.03"]

1. c4 e6 2. Nf3 d5 3. b3 Nf6 4. Bb2 Be7 5. g3 O-O 6. Bg2 b6 7. cxd5 Nxd5 8. O-O
Bb7 9. d4 Nd7 10. Re1 c5 11. e4 N5f6 12. Nc3 cxd4 13. Nxd4 Ne5 14. f4 Bc5 15.
Na4 Bxd4+ 16. Bxd4 Nc6 17. Bb2 Qxd1 18. Raxd1 Rfd8 19. Nc3 Nb4 20. e5 Bxg2 21.
Kxg2 Ng4 22. h3 Nh6 23. Rxd8+ Rxd8 24. a3 Nd3 25. Rd1 Nf5 26. Bc1 Rd4 27. g4
Nxc1 28. Rxc1 Nh4+ 29. Kg3 g5 30. fxg5 Ng6 31. Rd1 Rxd1 32. Nxd1 Nxe5 33. Kf4
Nc6 34. Ke4 Kg7 35. Nc3 Na5 36. b4 Nc4 37. a4 Nd2+ 38. Ke3 Nc4+ 39. Kd3 Ne5+ 40.
Ke4 Nc6 41. b5 Na5 42. Kd4 Kf8 43. Ne4 Ke7 44. h4 Nb3+ 45. Kc3 Nc1 46. Kd2 Nb3+
47. Kd3 Nc1+ 48. Ke3 Nb3 49. h5 Nc5 50. Nf6 Nxa4 51. Kd4 Nc5 52. Nxh7 a6 53.
bxa6 Nxa6 54. h6 Nb8 55. Nf6 Nc6+ 56. Ke4 Kf8 57. Nd7+ Kg8 58. Nxb6 Ne7 59. Nd7
Kh7 60. Ke5 1-0

[Event "28th Cappelle Open"]
[Site "Cappelle la Grande FRA"]
[Date "2012.03.04"]
[Round "2.32"]
[White "Latzke, Boris Alexander"]
[Black "Vovk, Andrey"]
[Result "1/2-1/2"]
[BlackTitle "GM"]
[WhiteElo "2241"]
[BlackElo "2540"]
[WhiteFideId "4633059"]
[BlackFideId "14114470"]
[EventDate "2012.03.03"]

1. d4 Nf6 2. c4 g6 3. Nc3 Bg7 4. e4 d6 5. f3 O-O 6. Be3 c5 7. dxc5 dxc5 8. Qxd8
Rxd8 9. Bxc5 Nc6 10. Ba3 a5 11. Nd5 Nxd5 12. cxd5 Nb4 13. Rd1 e6 14. Bc4 exd5
15. exd5 Nc2+ 16. Kf2 Bd4+ 17. Rxd4 Nxd4 18. Be7 Re8 19. Bf6 Nf5 20. Ne2 Bd7 21.
Nc3 Nd6 22. Bd3 Bf5 23. Bxf5 gxf5 24. g4 fxg4 25. Rg1 h5 26. h3 Kh7 27. hxg4
hxg4 28. Rxg4 Rg8 29. Rf4 b5 30. Ne4 Nxe4+ 31. fxe4 Rgc8 32. d6 Ra7 33. Ke3 Rc2
34. Bd4 Rd7 35. e5 b4 36. Ke4 Rb7 37. Rh4+ Kg6 38. Rg4+ Kh7 39. Kf5 Rh2 40. Ke4
a4 41. Rg3 Rb5 42. Kd3 Rb7 43. Kc4 Rc2+ 44. Kd3 Rh2 45. Kc4 1/2-1/2

[Event "28th Cappelle Open"]
[Site "Cappelle la Grande FRA"]
[Date "2012.03.04"]
[Round "2.33"]
[White "Szabo, Krisztian1"]
[Black "AlHuwar, Jasem"]
[Result "1/2-1/2"]
[WhiteTitle "GM"]
[BlackTitle "FM"]
[WhiteElo "2538"]
[BlackElo "2241"]
[WhiteFideId "722901"]
[BlackFideId "9300465"]
[EventDate "2012.03.03"]

1. e4 g6 2. d4 d6 3. f4 Bg7 4. Nc3 Nf6 5. Nf3 O-O 6. Bd3 Na6 7. O-O c5 8. d5 Bg4
9. Bc4 Nd7 10. h3 Bxf3 11. Qxf3 Nb6 12. Be2 Nb4 13. Bd1 e6 14. a3 Na6 15. Be2
exd5 16. Nxd5 Nxd5 17. exd5 f5 18. c3 Rc8 19. Bc4 Nc7 20. a4 Ne8 21. Be3 Nf6 22.
Rae1 Qa5 23. Qd1 a6 24. Qb3 b5 25. axb5 axb5 26. Be2 c4 27. Qd1 Qa2 28. Bc1 Ne4
29. Bf3 Nc5 30. Be2 1/2-1/2

[Event "28th Cappelle Open"]
[Site "Cappelle la Grande FRA"]
[Date "2012.03.04"]
[Round "2.34"]
[White "Gharamian, Tigran"]
[Black "Calistri, Tristan"]
[Result "1-0"]
[WhiteTitle "GM"]
[BlackTitle "FM"]
[WhiteElo "2671"]
[BlackElo "2382"]
[WhiteFideId "13301527"]
[BlackFideId "607843"]
[EventDate "2012.03.03"]

1. e4 c5 2. Nf3 Nc6 3. d4 cxd4 4. Nxd4 Nf6 5. Nc3 e5 6. Ndb5 d6 7. Bg5 a6 8. Na3
b5 9. Nd5 Be7 10. Bxf6 Bxf6 11. c4 b4 12. Nc2 O-O 13. g3 Bg5 14. h4 Bh6 15. Bh3
Be6 16. Kf1 Qd7 17. Kg2 Qa7 18. Qd3 Qc5 19. b3 Ra7 20. a3 a5 21. axb4 axb4 22.
Rxa7 Qxa7 23. Ndxb4 Nxb4 24. Nxb4 Qb7 25. Bxe6 Qxb4 26. Bd5 Kh8 27. Ra1 g6 28.
h5 Bg5 29. Ra7 f5 30. Rb7 fxe4 31. Bxe4 Qe1 32. Bf3 Rf6 33. hxg6 hxg6 34. Qd5
Bh6 35. Rf7 1-0

[Event "28th Cappelle Open"]
[Site "Cappelle la Grande FRA"]
[Date "2012.03.04"]
[Round "2.35"]
[White "Krzyzanowski, Marcin"]
[Black "Burmakin, Vladimir"]
[Result "1/2-1/2"]
[BlackTitle "GM"]
[WhiteElo "2378"]
[BlackElo "2592"]
[WhiteFideId "1132199"]
[BlackFideId "4105109"]
[EventDate "2012.03.03"]

1. e4 c6 2. d4 d5 3. Nc3 dxe4 4. Nxe4 Bf5 5. Ng3 Bg6 6. h4 h6 7. Nf3 Nd7 8. h5
Bh7 9. Bd3 Bxd3 10. Qxd3 e6 11. Bf4 Qa5+ 12. Bd2 Qc7 13. O-O-O O-O-O 14. Ne4
Ngf6 15. g3 Nc5 16. Nxc5 Bxc5 17. c4 Qe7 18. Ba5 Bb6 19. Bc3 Rhe8 20. Qe2 Ng4
21. Nh4 Qg5+ 22. f4 Qxh5 1/2-1/2

[Event "28th Cappelle Open"]
[Site "Cappelle la Grande FRA"]
[Date "2012.03.04"]
[Round "2.36"]
[White "Ramirez, Alejandro"]
[Black "Skytte, Rasmus"]
[Result "1-0"]
[WhiteTitle "GM"]
[BlackTitle "IM"]
[WhiteElo "2591"]
[BlackElo "2376"]
[WhiteFideId "6500617"]
[BlackFideId "1404210"]
[EventDate "2012.03.03"]

1. d4 d5 2. c4 e6 3. Nc3 c5 4. cxd5 exd5 5. Nf3 Nc6 6. g3 Nf6 7. Bg2 Be7 8. O-O
O-O 9. Bg5 c4 10. Ne5 Be6 11. Nxc6 bxc6 12. b3 h6 13. Bxf6 Bxf6 14. bxc4 dxc4
15. e3 Qa5 16. Rc1 Rac8 17. Qa4 Qxa4 18. Nxa4 Be7 19. Rb1 Rc7 20. Nc3 Rd8 21.
Rfd1 a5 22. Bf3 Bb4 23. Rbc1 Kf8 24. Na4 g5 25. Rc2 g4 26. Bg2 h5 27. Nb6 c3 28.
Na4 c5 29. d5 Rcd7 30. e4 f5 31. Ra1 fxe4 32. dxe6 Rd1+ 33. Rxd1 Rxd1+ 34. Bf1
Rd3 35. Bxd3 exd3 36. Rxc3 1-0

[Event "28th Cappelle Open"]
[Site "Cappelle la Grande FRA"]
[Date "2012.03.04"]
[Round "2.38"]
[White "Nyzhnyk, Illya"]
[Black "Pieniazek, Artur"]
[Result "1/2-1/2"]
[WhiteTitle "GM"]
[BlackTitle "IM"]
[WhiteElo "2585"]
[BlackElo "2368"]
[WhiteFideId "14118084"]
[BlackFideId "1100874"]
[EventDate "2012.03.03"]

1. d4 Nf6 2. c4 e6 3. Nf3 b6 4. g3 Ba6 5. Qa4 c5 6. Bg2 Bb7 7. dxc5 bxc5 8. O-O
Be7 9. Nc3 Qb6 10. Rd1 O-O 11. Bf4 a6 12. Rd2 Rd8 13. Rad1 d6 14. Qb3 Qxb3 15.
axb3 Ne8 16. e4 f6 17. e5 fxe5 18. Nxe5 Bxg2 19. Kxg2 Rc8 20. Nf3 Nc6 21. Bg5
Bxg5 22. Nxg5 Nd4 23. b4 Nb3 24. Re2 cxb4 25. Na4 Rab8 26. Rxe6 Nc5 27. Nxc5
Rxc5 28. h4 h6 29. Ne4 Rxc4 30. b3 Rc2 31. Re7 a5 32. Ra7 Re2 33. Rd4 d5 34. Nc5
Nf6 35. Rxa5 Ne4 36. Nxe4 dxe4 37. Re5 Rb2 38. Rdxe4 Rxb3 39. Re8+ Rxe8 40.
Rxe8+ Kf7 1/2-1/2

[Event "28th Cappelle Open"]
[Site "Cappelle la Grande FRA"]
[Date "2012.03.04"]
[Round "2.39"]
[White "Wacker, Peter"]
[Black "Banusz, Tamas"]
[Result "1/2-1/2"]
[BlackTitle "GM"]
[WhiteElo "2286"]
[BlackElo "2583"]
[WhiteFideId "4615751"]
[BlackFideId "722413"]
[EventDate "2012.03.03"]

1. e4 e5 2. Nf3 Nc6 3. Nc3 Nf6 4. d4 exd4 5. Nxd4 Bb4 6. Nxc6 bxc6 7. Bd3 d6 8.
O-O Ng4 9. Be2 Qh4 10. Bxg4 Qxg4 11. Na4 Qg6 12. a3 Ba5 13. b4 Bb6 14. Bb2 O-O
15. Re1 Ba6 16. Nxb6 axb6 17. Re3 f6 18. Qd2 Rfe8 19. Rae1 Qf7 20. f4 Re6 21. e5
dxe5 22. fxe5 f5 23. Rf3 Bc4 24. Qg5 Rf8 25. Qf4 Bd5 26. Rf2 Qe7 27. Rd1 Rg6 28.
h3 Rh6 29. Bc1 Rh4 30. Qg5 Qxg5 31. Bxg5 Re4 32. Bf4 h6 33. h4 Kf7 34. Rd3 Rg8
35. Rg3 Be6 36. Rc3 g5 37. Bd2 c5 38. hxg5 hxg5 39. bxc5 b5 40. Rh3 Kg6 41. Rg3
Kh5 42. Re3 Rxe3 43. Bxe3 Ra8 44. g4+ Kxg4 45. Rg2+ Kf3 46. Bxg5 Rxa3 47. Rf2+
Ke4 48. Re2+ Kd5 49. Kf2 Kc4 50. Rd2 Ra2 51. Bd8 c6 52. Ke3 Bd5 53. Kf4 Ra8 54.
Bf6 Kc3 55. Rh2 Be6 56. Be7 Rg8 57. Bg5 Ra8 58. Be7 Re8 59. Bh4 Kc4 60. Rd2 Rg8
61. Be1 Kxc5 62. Rd6 Re8 63. c3 Kb6 64. Bh4 Kc7 65. Bf2 Bc8 66. Rh6 Rg8 67. e6
Kd6 68. Kxf5 Rf8+ 69. Rf6 Bxe6+ 70. Kg5 Rg8+ 71. Rg6 Ra8 72. Kf4 Ra4+ 73. Ke3
Kd5 74. Bg3 Ra3 75. Kd2 Ra2+ 76. Ke3 Rg2 77. Kf3 Rc2 78. Rg5+ Kc4 79. Be5 Rxc3+
80. Bxc3 Kxc3 81. Ke2 Bd5 82. Kd1 Kb2 83. Kd2 b4 84. Re5 b3 85. Re1 c5 86. Re7
c4 87. Rc7 Bf7 88. Rc8 Be6 89. Rc6 Bd5 90. Rc7 Kb1 91. Rc5 Kb2 92. Rc7 Be6 93.
Rc6 Bd5 94. Rc7 Ka1 95. Rc5 Be6 96. Kc3 Kb1 97. Rb5 1/2-1/2

[Event "28th Cappelle Open"]
[Site "Cappelle la Grande FRA"]
[Date "2012.03.04"]
[Round "2.41"]
[White "Sokolov, Andrei1"]
[Black "Rzayev, Bahruz"]
[Result "1-0"]
[WhiteTitle "GM"]
[WhiteElo "2577"]
[BlackElo "2360"]
[WhiteFideId "627089"]
[BlackFideId "13403036"]
[EventDate "2012.03.03"]

1. e4 e5 2. Nf3 Nc6 3. Bb5 a6 4. Ba4 d6 5. Bxc6+ bxc6 6. d4 exd4 7. Nxd4 Bd7 8.
Nc3 Nf6 9. O-O Be7 10. Bf4 O-O 11. Qd2 Re8 12. Rad1 Bf8 13. Rfe1 Rb8 14. b3 h6
15. h3 c5 16. Nf3 Bc6 17. Qd3 Rb4 18. Be5 Nd7 19. Bg3 Qa8 20. Nd5 Bxd5 21. exd5
Rxe1+ 22. Rxe1 a5 23. a3 Rb8 24. a4 Nf6 25. c4 Qb7 26. Re3 c6 27. dxc6 Qxc6 28.
Nh4 Rb7 29. Nf5 d5 30. cxd5 Nxd5 31. Re5 Rd7 32. Qc4 g6 33. Nd4 Qa8 34. Nb5 Nb4
35. Qe2 Nc6 36. Qe4 Qc8 37. Re8 Rd1+ 38. Kh2 Qd7 39. Ra8 h5 40. Ra6 Nd4 41. Nc3
Nxb3 42. Nxd1 Qxd1 43. Rxg6+ fxg6 44. Qe6+ Kg7 45. Be5+ Kh6 46. Qf6 h4 47. Qxf8+
Kh5 48. Qh8+ Kg5 49. Qf6+ Kh6 50. Bf4+ Kh7 51. Qf7+ 1-0

[Event "28th Cappelle Open"]
[Site "Cappelle la Grande FRA"]
[Date "2012.03.04"]
[Round "2.42"]
[White "Zakhartsov, Viacheslav V."]
[Black "Tate, Alan"]
[Result "1-0"]
[WhiteTitle "GM"]
[BlackTitle "FM"]
[WhiteElo "2563"]
[BlackElo "2350"]
[WhiteFideId "4115333"]
[BlackFideId "2401878"]
[EventDate "2012.03.03"]

1. d4 g6 2. e4 Bg7 3. c4 d6 4. Nc3 Nc6 5. Be3 Nf6 6. f3 a6 7. Qd2 O-O 8. Nge2
Bd7 9. Nc1 e5 10. d5 Nd4 11. N1e2 c5 12. dxc6 Nxc6 13. Qxd6 b5 14. Nd5 Ne8 15.
Qc5 bxc4 16. O-O-O Nf6 17. Qd6 Ne8 18. Ne7+ Nxe7 19. Qxd7 Qxd7 20. Rxd7 Nc6 21.
Nc3 Rc8 22. Na4 Nf6 23. Rd6 Rc7 24. Kb1 Ne8 25. Rd5 Nf6 26. Rc5 Rd8 27. Be2 a5
28. Rxc4 Rcc8 29. Nb6 Rc7 30. Rhc1 Rd6 31. Nd5 1-0

[Event "28th Cappelle Open"]
[Site "Cappelle la Grande FRA"]
[Date "2012.03.04"]
[Round "2.47"]
[White "Berczes, David"]
[Black "Nanjo, Ryosuke"]
[Result "1/2-1/2"]
[WhiteTitle "GM"]
[BlackTitle "CM"]
[WhiteElo "2544"]
[BlackElo "2280"]
[WhiteFideId "722960"]
[BlackFideId "7000634"]
[EventDate "2012.03.03"]

1. d4 e6 2. c4 f5 3. g3 Nf6 4. Bg2 Be7 5. Nf3 O-O 6. O-O d6 7. b3 Ne4 8. Bb2 Qe8
9. Nc3 Nxc3 10. Bxc3 a5 11. Re1 Qh5 12. e4 f4 13. e5 fxg3 14. hxg3 d5 15. Nh2
Qf5 16. f4 c6 17. Rf1 b5 18. g4 Qf7 19. c5 b4 20. Bd2 Qg6 21. Rf3 Ba6 22. Kh1
Qe4 23. Be3 Nd7 24. Rh3 Qd3 25. Qe1 Qe2 26. Qg3 Rf7 27. Nf1 Nf8 28. Nd2 Qd3 29.
Rc1 Qg6 30. Bf3 Qd3 31. Bd1 g5 32. f5 exf5 33. gxf5 Qxf5 34. Bg4 Qg6 35. Bh5 Qf5
36. Bxf7+ Kxf7 37. e6+ Nxe6 38. Qh2 Kg8 39. Rf3 Qg6 40. Rg1 Rf8 41. Rxf8+ Nxf8
42. Qc7 Qh5+ 43. Qh2 Qg6 44. Qc7 Qh5+ 1/2-1/2

[Event "28th Cappelle Open"]
[Site "Cappelle la Grande FRA"]
[Date "2012.03.04"]
[Round "2.48"]
[White "Braun, Christian2"]
[Black "Sprenger, Jan Michael"]
[Result "1/2-1/2"]
[WhiteTitle "FM"]
[BlackTitle "IM"]
[WhiteElo "2372"]
[BlackElo "2523"]
[WhiteFideId "4692098"]
[BlackFideId "4646258"]
[EventDate "2012.03.03"]

1. e4 c5 2. Nf3 Nc6 3. Bb5 d6 4. O-O Bd7 5. Re1 Nf6 6. c3 a6 7. Bf1 Bg4 8. h3
Bxf3 9. Qxf3 g6 10. d3 Bg7 11. Be3 O-O 12. Nd2 Nd7 13. Nb3 Rc8 14. Rac1 c4 15.
dxc4 Nce5 16. Qd1 Nxc4 17. Bxc4 Rxc4 18. Nd2 Rc6 19. Nf3 b5 20. a4 Qb8 21. axb5
axb5 22. Nd4 Rc7 23. Nc2 Ne5 24. Nb4 Rcc8 25. Bd4 Nc6 26. Bxg7 Kxg7 27. Nxc6
Rxc6 28. Qd4+ f6 29. Ra1 Rc4 30. Qa7 Kf7 31. Qe3 Rfc8 32. Ra6 R8c6 33. Rxc6 Rxc6
34. Ra1 Rc5 35. Ra3 Qb7 36. Rb3 Rc4 37. Rb4 Rxb4 38. cxb4 d5 39. Qb3 e6 40. exd5
Qxd5 41. Qc3 Qd1+ 42. Kh2 Qd6+ 43. g3 g5 44. Qc5 Qe5 45. Qc2 Kg7 46. Qd2 Qd5 47.
Qc3 Qb7 48. Qe3 Qd7 49. Qc5 h5 50. Qe3 e5 51. Qc5 Kg6 52. Kg2 e4 53. Qf8 Qe6 54.
Qc5 Qf5 55. Qf8 Qe6 56. Qc5 Qe8 57. Qd5 Qe5 58. Qg8+ Kh6 59. Qh8+ Kg6 60. Qg8+
Kh6 61. Qh8+ 1/2-1/2

[Event "28th Cappelle Open"]
[Site "Cappelle la Grande FRA"]
[Date "2012.03.04"]
[Round "2.49"]
[White "Mekhitarian, Krikor Sevag"]
[Black "Platel, Alexandre"]
[Result "1-0"]
[WhiteTitle "GM"]
[WhiteElo "2512"]
[BlackElo "2241"]
[WhiteFideId "2107660"]
[BlackFideId "629014"]
[EventDate "2012.03.03"]

1. c4 Nf6 2. Nc3 c5 3. Nf3 Nc6 4. e3 d5 5. cxd5 Nxd5 6. Bb5 Nxc3 7. bxc3 Bd7 8.
O-O a6 9. Be2 e5 10. d4 e4 11. Nd2 Bf5 12. f3 cxd4 13. cxd4 Nxd4 14. exd4 Qxd4+
15. Kh1 Qxa1 16. fxe4 Bd7 17. Qb3 Qe5 18. Qxf7+ Kd8 19. Nc4 Qe6 20. Bg5+ Be7 21.
Qxg7 Re8 22. Rd1 Bxg5 23. Qxg5+ Kc7 24. Qf4+ Kd8 25. Bg4 1-0

[Event "28th Cappelle Open"]
[Site "Cappelle la Grande FRA"]
[Date "2012.03.04"]
[Round "2.50"]
[White "Krantz, Christopher"]
[Black "Jovanic, Ognjen"]
[Result "0-1"]
[BlackTitle "GM"]
[WhiteElo "2248"]
[BlackElo "2493"]
[WhiteFideId "1707876"]
[BlackFideId "14504081"]
[EventDate "2012.03.03"]

1. d4 d5 2. Nf3 Nf6 3. c4 dxc4 4. e3 Bg4 5. Bxc4 e6 6. Nc3 a6 7. h3 Bh5 8. g4
Bg6 9. Ne5 Nbd7 10. Nxg6 hxg6 11. Bf1 c6 12. Bg2 Bd6 13. O-O Qe7 14. e4 e5 15.
d5 O-O 16. Be3 cxd5 17. Nxd5 Nxd5 18. Qxd5 Nc5 19. Rad1 Rad8 20. Qxd6 Rxd6 21.
Bxc5 Rfd8 22. Rxd6 Rxd6 23. Bf3 Qf6 24. Bxd6 Qxd6 25. Rd1 Qb6 26. b3 Qa5 27. a4
Qc3 28. Rd8+ Kh7 29. Bd1 Qxh3 30. Rd7 f6 31. f3 Kh6 32. Kf2 Kg5 33. Ke3 Qf1 34.
Kd2 Kf4 35. Rxg7 Qf2+ 36. Kc1 Qe3+ 37. Kc2 Qc5+ 38. Kb1 Qd6 39. Bc2 g5 40. Rxb7
Kxf3 41. a5 Qa3 42. Bd1+ Kxe4 43. Rb6 Qxa5 44. Rxf6 Qe1 45. Kc2 a5 46. Rf5 Kd4
47. Rf7 e4 48. Rd7+ Ke3 49. Rd5 Qf2+ 50. Kc1 Qa2 51. Rd7 Qa3+ 52. Kb1 Kf2 53.
Rd5 e3 54. Kc2 Qb4 55. Rf5+ Ke1 56. Rd5 Qe4+ 0-1

[Event "28th Cappelle Open"]
[Site "Cappelle la Grande FRA"]
[Date "2012.03.04"]
[Round "2.51"]
[White "Meszaros, Tamas"]
[Black "Kostiukova, Liubov"]
[Result "0-1"]
[WhiteTitle "IM"]
[BlackTitle "IM"]
[WhiteElo "2460"]
[BlackElo "2215"]
[WhiteFideId "717410"]
[BlackFideId "14112116"]
[EventDate "2012.03.03"]

1. e4 e6 2. d4 d5 3. Nc3 Nf6 4. Bg5 Bb4 5. e5 h6 6. Bd2 Bxc3 7. bxc3 Ne4 8. Qg4
g6 9. Bd3 Nxd2 10. Kxd2 c5 11. h4 Qa5 12. Nf3 Nc6 13. Qf4 b6 14. h5 g5 15. Qf6
Rf8 16. Qxh6 cxd4 17. Qf6 Ba6 18. Bxa6 dxc3+ 19. Ke1 Qxa6 20. h6 g4 21. Ng1 Nb4
22. Rc1 Nxc2+ 23. Rxc2 Qd3 24. Ne2 Qxc2 25. Qf4 d4 26. Nxd4 Qb1+ 27. Ke2 Qxa2+
28. Kd3 O-O-O 29. h7 Qd2+ 30. Qxd2 cxd2 31. Rd1 Rh8 32. Rxd2 Rxh7 33. Ke4 Kb7
34. Rb2 a6 35. Nb3 Rd5 36. Nd2 Rc5 37. Kd4 Rh5 38. Nc4 Rxc4+ 39. Kxc4 Rxe5 40.
Rd2 b5+ 41. Kb4 Rd5 42. Re2 e5 43. Kc3 Kb6 0-1

[Event "28th Cappelle Open"]
[Site "Cappelle la Grande FRA"]
[Date "2012.03.04"]
[Round "2.52"]
[White "Roser, Kevin"]
[Black "Fuchs, Judith"]
[Result "1-0"]
[WhiteTitle "IM"]
[BlackTitle "WIM"]
[WhiteElo "2444"]
[BlackElo "2233"]
[WhiteFideId "608688"]
[BlackFideId "24605611"]
[EventDate "2012.03.03"]

1. e4 c5 2. Nf3 d6 3. d4 cxd4 4. Nxd4 Nf6 5. Nc3 Nc6 6. Bg5 Qb6 7. Nb3 e6 8.
Bxf6 gxf6 9. a4 a6 10. a5 Qc7 11. Be2 Bd7 12. O-O Be7 13. Qd2 h5 14. Na4 Rd8 15.
Nb6 Ne5 16. f4 Ng6 17. Nd4 Bc6 18. f5 Ne5 19. Qe3 d5 20. fxe6 dxe4 21. exf7+
Nxf7 22. Nf5 Bf8 23. Qh3 Rd2 24. Rae1 Rg8 25. Ng3 Qe5 26. Bxh5 Bc5+ 27. Kh1 e3
28. Nc4 Rxg3 29. Bxf7+ Ke7 30. Qxg3 Qxg3 31. hxg3 Rxg2 32. Nxe3 Re2+ 33. Bd5 1-0

[Event "28th Cappelle Open"]
[Site "Cappelle la Grande FRA"]
[Date "2012.03.04"]
[Round "2.53"]
[White "Ortega Ruiz, Jose Miguel"]
[Black "Mueller, Ralf1"]
[Result "1-0"]
[WhiteTitle "FM"]
[BlackTitle "FM"]
[WhiteElo "2268"]
[BlackElo "2412"]
[WhiteFideId "2209713"]
[BlackFideId "4606612"]
[EventDate "2012.03.03"]

1. d4 Nf6 2. c4 g6 3. Nc3 d5 4. Bf4 Bg7 5. e3 O-O 6. Rc1 c5 7. dxc5 Be6 8. Nf3
Nc6 9. Ng5 Bg4 10. f3 e5 11. Bg3 d4 12. fxg4 dxc3 13. Qxd8 Raxd8 14. Rxc3 h6 15.
Nf3 Ne4 16. Rb3 Nxc5 17. Rb5 b6 18. Be2 e4 19. Nd2 Rfe8 20. Nb1 Be5 21. Bxe5
Nxe5 22. O-O Rb8 23. Nc3 a6 24. Rxc5 bxc5 25. b3 Nc6 26. Rf4 Kg7 27. Rxe4 Nb4
28. Bf3 Rbd8 29. Rxe8 Rxe8 30. Kf2 a5 31. Bd1 Kf6 32. a3 Na6 33. Bf3 Rb8 34. Nb5
Ke7 35. Ke2 Kd7 36. a4 Nb4 37. Bd5 Ke7 38. Be4 Rd8 39. Nc3 Kd6 40. Bb1 Ke5 41.
Ne4 Na6 42. g5 hxg5 43. Nxg5 Rb8 44. Nf3+ Ke6 45. Ng5+ Kf6 46. Ne4+ Ke5 47. Nd2
f5 48. h4 Nb4 49. Nf3+ Kf6 50. g3 Nc6 51. Bc2 Re8 52. Kd2 Re7 53. Ng5 Ne5 54. e4
Nc6 55. Ke3 Nd4 56. Bd1 Rb7 57. Kf4 Nxb3 58. h5 Nd2 59. e5+ Kg7 60. Ne6+ Kh6 61.
hxg6 Kxg6 62. Bc2 Rb4 63. Bxf5+ Kf7 64. Nd8+ Ke8 65. Nc6 Rb6 66. Nxa5 Ra6 67.
Nb7 Nxc4 68. Nxc5 Ra5 69. Bd7+ Ke7 70. Bb5 Na3 71. Nb3 Ra8 72. Nd4 Rf8+ 73. Ke4
Rf2 74. Bc6 Nb1 75. Nf5+ Kd8 76. e6 Nd2+ 77. Ke5 Nc4+ 78. Kf6 Kc7 79. Bb5 Ne3
80. Bd3 1-0

[Event "28th Cappelle Open"]
[Site "Cappelle la Grande FRA"]
[Date "2012.03.04"]
[Round "2.56"]
[White "Moranda, Wojciech"]
[Black "Djukic, Sandra"]
[Result "1-0"]
[WhiteTitle "GM"]
[BlackTitle "WIM"]
[WhiteElo "2569"]
[BlackElo "2203"]
[WhiteFideId "1122401"]
[BlackFideId "931390"]
[EventDate "2012.03.03"]

1. d4 d6 2. g3 e5 3. dxe5 dxe5 4. Qxd8+ Kxd8 5. Bg2 c6 6. f4 Nd7 7. Nf3 exf4 8.
Bxf4 Ngf6 9. Nc3 Bc5 10. O-O-O Ke8 11. Nd4 Nf8 12. Nxc6 Ne6 13. Rd3 bxc6 14.
Bxc6+ Ke7 15. Bxa8 Nxf4 16. gxf4 Ba6 17. Nd5+ Nxd5 18. Rxd5 Be3+ 19. Kb1 Bxf4
20. Ra5 Rxa8 21. Rxa6 h5 22. h3 g5 23. Rf1 Be5 24. Rh6 f6 25. Rxh5 Rb8 26. b3 a5
27. c4 a4 28. Kc2 Ke6 29. Rh7 a3 30. Ra7 Bb2 31. Ra6+ Kf7 32. c5 Rb5 33. Rf5 Be5
34. Rc6 Rb4 35. Rf3 Re4 36. e3 Rh4 37. Kd3 g4 38. hxg4 Rh2 39. g5 Rxa2 40.
Rfxf6+ Bxf6 41. Rxf6+ Ke7 42. Ra6 Ra1 43. Ke4 a2 44. b4 1-0

[Event "28th Cappelle Open"]
[Site "Cappelle la Grande FRA"]
[Date "2012.03.04"]
[Round "2.57"]
[White "Shneider, Aleksandr"]
[Black "Grandadam, Patrik"]
[Result "1-0"]
[WhiteTitle "GM"]
[WhiteElo "2529"]
[BlackElo "2189"]
[WhiteFideId "14100045"]
[BlackFideId "682438"]
[EventDate "2012.03.03"]

1. d4 d5 2. c4 e6 3. Nf3 Nf6 4. g3 dxc4 5. Bg2 a6 6. Ne5 Bb4+ 7. Nc3 Nd5 8. Bd2
Nb6 9. Ne4 Be7 10. e3 N8d7 11. O-O O-O 12. Rc1 Nxe5 13. dxe5 Bd7 14. Qg4 Bc6 15.
Bc3 Nd5 16. Rfd1 Kh8 17. Bd4 Ba4 18. Rd2 Bb4 19. Bc3 Qe7 20. Bxb4 Qxb4 21. a3
Qb5 22. Ng5 h6 23. Nxf7+ Rxf7 24. Qxe6 c3 25. bxc3 Re7 26. Qxd5 Rxe5 27. Qxb7
Qxb7 28. Bxb7 Rb8 29. Bxa6 Ra5 30. Bf1 Bc6 31. Bg2 Bxg2 32. Kxg2 Rxa3 33. Rd7 c5
34. Rc7 Ra5 35. Rd1 Rb2 36. Rd8+ Kh7 37. Rdd7 1-0

[Event "28th Cappelle Open"]
[Site "Cappelle la Grande FRA"]
[Date "2012.03.04"]
[Round "2.58"]
[White "Paleologu, Vladimir"]
[Black "Petkov, Vladimir"]
[Result "0-1"]
[BlackTitle "GM"]
[WhiteElo "2180"]
[BlackElo "2509"]
[WhiteFideId "1305573"]
[BlackFideId "2901188"]
[EventDate "2012.03.03"]

1. e4 e5 2. Nf3 Nc6 3. Bc4 Nf6 4. Ng5 d5 5. exd5 b5 6. Bf1 h6 7. Nxf7 Kxf7 8.
dxc6 Bc5 9. Be2 Bxf2+ 10. Kxf2 Ne4+ 11. Kf1 Rf8 12. Bf3 Kg8 13. d3 Bg4 14. Ke2
Rxf3 15. gxf3 Bxf3+ 16. Kxf3 Qh4 17. dxe4 Rf8+ 18. Ke2 Qf2+ 19. Kd3 Rd8+ 20. Kc3
Qc5+ 21. Kb3 Qc4+ 0-1

[Event "28th Cappelle Open"]
[Site "Cappelle la Grande FRA"]
[Date "2012.03.04"]
[Round "2.59"]
[White "Riff, Jean-Noel"]
[Black "Franklin, Samuel G A"]
[Result "1-0"]
[WhiteTitle "IM"]
[WhiteElo "2509"]
[BlackElo "2187"]
[WhiteFideId "611190"]
[BlackFideId "468576"]
[EventDate "2012.03.03"]

1. e4 e5 2. Nf3 Nc6 3. Bb5 a6 4. Ba4 Nf6 5. O-O b5 6. Bb3 Bc5 7. c3 d6 8. a4 Rb8
9. d4 Bb6 10. a5 Ba7 11. Be3 Ra8 12. dxe5 Nxe5 13. Nxe5 dxe5 14. Qxd8+ Kxd8 15.
Bxa7 Rxa7 16. Bxf7 Nxe4 17. Bd5 Nd6 18. Re1 Re8 19. Na3 Bb7 20. Rad1 Kc8 21. Ba2
Bc6 22. Nc2 Nb7 23. b4 Nd6 24. Re3 Ra8 25. Rde1 Kb7 26. Rxe5 Rxe5 27. Rxe5 Ne4
28. Nd4 Nxc3 29. Bb3 Be8 30. Re3 Nb1 31. Bd5+ c6 32. Re7+ 1-0